| 000 | 01457cam a2200409 a 4500 | ||
|---|---|---|---|
| 001 | 3052 | ||
| 003 | FISKH | ||
| 005 | 20240201122304.0 | ||
| 008 | 051216s2006 flu c 000 f eng | ||
| 010 | _a 2005036321 | ||
| 020 | _a0152058265 (hardcover) | ||
| 020 | _a9780152058265 | ||
| 020 | _a9780545039710 | ||
| 035 | _a(OCoLC)ocm63705625 | ||
| 035 | _a(OCoLC)63705625 | ||
| 037 |
_bJunior Library Guild _nhttp://www.juniorlibraryguild.com |
||
| 040 |
_aDLC _cDLC _dIG# _dBAKER _dXY4 _dYDXCP _dVP@ _dTEF _dBTCTA _dDLC _beng |
||
| 042 |
_alcac _alcac |
||
| 050 | 0 | 0 |
_aPZ7.P44855 _bLif 2006 |
| 082 | 0 | 0 |
_a[Fic] _222 |
| 100 | 1 |
_aPfeffer, Susan Beth, _d1948- |
|
| 245 | 1 | 0 |
_aLife as we knew it / _cSusan Beth Pfeffer. |
| 250 | _aFirst Scholastic printing, November 2007 | ||
| 260 |
_aNew York : _bScholastic, _c2006 |
||
| 300 |
_a337 pages : _c20 cm |
||
| 520 | _aThrough journal entries sixteen-year-old Miranda describes her family's struggle to survive after a meteor hits the moon, causing worldwide tsunamis, earthquakes, and volcanic eruptions. | ||
| 650 | 0 |
_aNatural disasters _vJuvenile fiction. |
|
| 650 | 0 |
_aFamilies _vJuvenile fiction. |
|
| 650 | 0 |
_aDiaries _vJuvenile fiction. |
|
| 650 | 0 | _aScience fiction. | |
| 650 | 1 |
_aNatural disasters _vFiction. |
|
| 650 | 1 |
_aFamily life _vFiction. |
|
| 650 | 1 |
_aDiaries _vFiction. |
|
| 650 | 1 | _aScience fiction. | |
| 906 |
_a7 _bcbc _corignew _d1 _eecip _f20 _gy-gencatlg |
||
| 942 |
_2lcc _cBK _n0 |
||
| 999 |
_c3052 _d3052 |
||